[Event "Hessen-ch Seniors op 10th"]
[Site "Bad Sooden-Allendorf"]
[Date "2014.04.29"]
[Round "4"]
[White "Freder, Juergen"]
[Black "Van Houten, Henk"]
[Result "1/2-1/2"]
[WhiteElo "1484"]
[BlackElo "1768"]
[PlyCount "56"]
[EventDate "2014.04.26"]
[EventType "swiss"]
[EventRounds "9"]
[EventCountry "GER"]
[SourceTitle "EXT 2018"]
[Source "ChessBase"]
[SourceDate "2017.10.13"]
[SourceVersion "1"]
[SourceVersionDate "2017.10.13"]
[SourceQuality "1"]

1. Nf3 b6 2. e4 d6 3. Be2 Bb7 4. d3 g6 5. c3 Bg7 6. Be3 e6 7. Qc2 Nd7 8. 0-0 Ngf6 9. h3 0-0 10. Nbd2 Ne5 11. Ne1 c5 12. f4 Nc6 13. Nef3 Qc7 14. Rad1 Rac8 15. Nh4 Ne7 16. g4 Nd7 17. f5 exf5 18. gxf5 d5 19. Ng2 f6 20. Bf4 Qc6 21. exd5 Nxd5 22. Bf3 Ne5 23. Be4 Qd7 24. Bxe5 fxe5 25. fxg6 hxg6 26. Rxf8+ Kxf8 27. Rf1+ Nf6 28. Bxb7 Qxb7 1/2-1/2